Malayalathinte suvarna kathakal/ (Record no. 72421)

000 -LEADER
fixed length control field 00387nam a22001457a 4500
020 ## - INTERNATIONAL STANDARD BOOK NUMBER
International Standard Book Number 9798184230870
082 ## - DEWEY DECIMAL CLASSIFICATION NUMBER
Classification number M301
Item number KHA/M
100 ## - MAIN ENTRY--PERSONAL NAME
Personal name Khader U A
9 (RLIN) 51564
245 ## - TITLE STATEMENT
Title Malayalathinte suvarna kathakal/
Statement of responsibility, etc. by U A Khader.
260 ## - PUBLICATION, DISTRIBUTION, ETC.
Place of publication, distribution, etc. Thrissur:
Name of publisher, distributor, etc. Green Books,
Date of publication, distribution, etc. 2015.
300 ## - PHYSICAL DESCRIPTION
Extent 264p.
650 ## - SUBJECT ADDED ENTRY--TOPICAL TERM
Topical term or geographic name entry element Literature Malayalam
Form subdivision Stories
9 (RLIN) 51565
650 ## - SUBJECT ADDED ENTRY--TOPICAL TERM
Topical term or geographic name entry element Literature
9 (RLIN) 51566
942 ## - ADDED ENTRY ELEMENTS (KOHA)
Koha item type Book
Holdings
Withdrawn status Lost status Damaged status Not for loan Permanent Location Current Location Shelving location Date acquired Cost, normal purchase price Total Checkouts Full call number Barcode Date last seen Price effective from Koha item type
        Sree Sankaracharya University of Sanskrit Sree Sankaracharya University of Sanskrit Stacks 16.06.2018 225.00   M301 KHA/M 090500 16.06.2018 16.06.2018 Book